| 000 | 00681nam a2200193 a 4500 | ||
|---|---|---|---|
| 003 | 0 | ||
| 005 | 20250306130141.0 | ||
| 008 | 090707s19uu xx 00 eng d | ||
| 050 |
_aPGS GV 965.A85 _b.G184 2009 |
||
| 100 | _aGamab, Paolo Gabriel C. | ||
| 245 |
_aPlaying golf and level of assertiveness / _cPaolo Gabriel C. Gamab. |
||
| 260 |
_aLas PiƱas City, Philippines : _bSouthville International School and Colleges, _c2009. |
||
| 300 |
_a32 pages : _billustrations ; _c28 cm. |
||
| 504 | _aIncludes bibliographical references. | ||
| 650 |
_aGolf _vPsychological aspects. |
||
| 650 | _aAssertiveness (Psychology). | ||
| 650 | _aSports psychology. | ||
| 942 |
_2lcc _cPASS |
||
| 999 |
_c98172 _d98172 |
||